000 00736nam a2200229Ia 4500
003 OSt
005 20250212150449.0
008 210329s9999||||xx |||||||||||||| ||und||
040 _cSTCPL
041 _aMAL
041 _hMAL
082 _a262.9
_bXAV-M
100 _aKoodapuzha, Xavier
_qസേവ്യർ കൂടപ്പുഴ
245 0 _aMarthomanazrani sabhavijnanakosam /
_cby Xavier Koodapuzha
_hമാര്‍ത്തോമ്മാനസ്രാണി സഭാവിജ്ഞാനകോശം
260 _aKottayam :
_bOriental Institute Of Religious Studies ,
_c1999 .
300 _a988 p.
_bHB
650 _aEcclesiology
650 _aReligion
650 _aChurch History
942 _cBK
942 _2ddc
_n0
999 _c65591
_d65591